000 01305njm a2200301 a 4500
003 BLK
005 20250115154249.0
007 sd bmmalaaahaa
008 221104b bu |||||s|||| 00| | bu d
028 _aSLPD 12868
040 _aBLK
041 _aHUN
_cDRU
080 _aКонцерт за виолончело и оркестър
_b785.6:787.3
_x(086.72)
_z785.6:787.3(086.72)
100 1 _99207
_aDvorak, Antonin
245 _aCello Concerto / Rococo Variations
_c Antonin Dvorak; Budapest Festival Orchestra, dir. Ivan Fischer; cello Miklos Perenyi
260 _aBudapest
_bHungaroton
_c1989
_9215466
300 _a1 грамофонна плоча, двустранна
_b33 об/мин, стерео
_c30 см
380 _a7
500 _aСтрана А H-Moll Gordonkaverseny Op. 104 / Concerto In B Minor For Cello And Orchestra Composed By – Antonín Dvorak A1 Allegro A2 Adagio Ma Non Troppo
500 _aСтрана В B1 Finale. Allegro Moderato B2 Variations On A Rococo Theme For Cello And Orchestra
653 _9189133
_aконцерти
653 _9183305
_aвиолончело
852 _aФ ІІ 7867
_bЦб
856 _i0.00
_ldisable
942 _cGPL
_n0
944 _cВася Ганчева
_k30549
_lВася Ганчева
999 _c525054
_d525054
999 _d525054